00836nam a2200253Ia 450000500170000000800410001702000180005804000610007604100080013706000110014524500760015626000410023230000640027365000310033765000170036865000130038565000250039865000120042370000410043570000220047670000300049870000300052870000240055820211110133332.0130821s2010 sp ao gr spa  a9788480862981 aCo-BoUCMbspac[Nuevo]dAldemar Mondragón (modificó)00aspa aWF 14000aNeumología clínicacJosé Luis Álvarez-Sala Walther...[y otros]. aBarcelona (España)bElsevierc2010 axx, 884 páginasbilustraciones, gráficas, fotografías04aEnfermedades respiratorias04aNeumología04aPulmones04aTerapia respiratoria04aTórax1 aÁlvarez-Sala Walther, José Luis.1 aCasan Clarà, P.1 aRodríguez de Castro, F.1 aRodríguez Hermosa, J.L.1 aVillena Garrido, V.